000 00250nam a2200109Ia 4500
008 200302s9999 xx 000 0 und d
100 _aMarta Serrats & Other
245 _aClub Design
260 _bDaab Gmbh Published
260 _c2009
300 _a384
999 _c3363
_d3363